|
|
|
|
| LEADER |
01151nam a2200277 a 4500 |
| 001 |
26973 |
| 008 |
130513s1980 maua b 001 0 eng d |
| 010 |
|
|
|a 79025810
|
| 020 |
|
|
|a 0273084429
|
| 040 |
|
|
|a DLC
|c DLC
|d DLC
|d BD-DhAAL
|
| 082 |
0 |
0 |
|a 627/.125
|
| 100 |
1 |
|
|a Cunge, J. A.
|
| 245 |
1 |
0 |
|a Practical aspects of computational river hydraulics /
|c J.A. Cunge, F.M. Holly, Jr., A. Verwey.
|
| 260 |
|
|
|a Boston :
|b Pitman Advanced Pub. Program,
|c c1980.
|
| 300 |
|
|
|a xvi, 420 p. :
|b ill. ;
|c 24 cm.
|
| 490 |
|
0 |
|a Monographs and surveys in water resources engineering ;
|v 3
|
| 504 |
|
|
|a Inclues bibliography ( p. 407-415) and index.
|
| 541 |
1 |
|
|e 26973
|
| 650 |
|
0 |
|a Rivers
|x Mathematical models.
|
| 650 |
|
0 |
|a Stream measurements
|x Mathematical models.
|
| 650 |
|
0 |
|a Channels (Hydraulic engineering)
|x Mathematical models.
|
| 700 |
1 |
|
|a Holly, F. M.,
|d 1946-
|e joint author.
|
| 700 |
1 |
|
|a Verwey, A.
|q (Adri),
|e joint author.
|
| 852 |
1 |
|
|a Ayesha Abed Library
|j General Shelf.
|
| 999 |
|
|
|c 13455
|d 13455
|
| 952 |
|
|
|0 0
|1 0
|2 ddc
|4 0
|6 627_125000000000000_CUN
|7 0
|9 22383
|a BRACUL
|b BRACUL
|c GEN
|d 2013-05-19
|e VC of BRACU
|l 0
|o 627.125 CUN
|p 3010026973
|r 2013-05-19
|t 1
|w 2013-05-19
|y BK
|